[Event "Vidmar Memorial 13th"]
[Site "Portoroz"]
[Date "1999.06.14"]
[Round "2"]
[White "Kozul, Zdenko"]
[Black "Aronian, Levon"]
[Result "1-0"]
[WhiteElo "2585"]
[BlackElo "2502"]
[Annotator "Ribli,Z"]
[PlyCount "59"]
[EventDate "1999.06.??"]
[EventType "tourn"]
[EventRounds "10"]
[EventCountry "SLO"]
[EventCategory "14"]
[SourceTitle "CBM 072"]
[Source "ChessBase"]
[SourceDate "1999.10.01"]
[SourceVersion "1"]
[SourceVersionDate "1999.10.01"]
[SourceQuality "1"]

{[%mdl 72]} 1. d4 Nf6 2. Nf3 d6 3. c4 Nbd7 4. Nc3 c6 5. e4 e5 6. Be2 Be7 {
Das ist die Grundstellung in der sogenannten Altindischen Verteidigung. Weiss
hat Raumvorteil im Zentrum und freies Figurenspiel, während die schwarze
Stellung etwas passiv, aber fest ist. Ribli.} 7. O-O O-O 8. Be3 {Meines
Erachtens ist das eine chancenreiche Fortsetzung für Weiss. Zwei andere Pläne
wären: 8.Re1, 9.Bf1 und 8.Qc2, 9.Rd1.} a6 (8... Ng4 9. Bd2 $14) 9. d5 cxd5 10.
cxd5 {Weiss hat Raumvorteil und die offene c-Linie. Schwarz kämpft mit
Entwicklungsproblemen seines Damenläufers.} b5 {Früher oder später muss
Schwarz so spielen. Er schwächt sich damit aber das Fled c6.} (10... Ng4 11.
Bd2 b5 12. Ne1 Ngf6 13. Nc2 Nb6 $6 14. Nb4 $1 $146 Bd7 15. Rc1 Rc8 16. b3 $1 {
Shipov,S-Margolin,B/Rethymnon 1995/Inf 65/[Shipov,S] (20)}) 11. Nd2 {Der
Springer strebt zum Damenflügel.} Qc7 {Ein natürlicher Entwicklungszug, aber
in Wirklichkeit steht die Dame nicht gut in der c-Linie. Ich denke,11...Nb6
ist die beste Möglichkeit für Schwarz, aber auch dann bieten sich Weiss die
besseren Chancen.} (11... Nb6 12. a4 $1 bxa4 13. Nxa4 Nxa4 14. Rxa4 Bd7 $1 15.
Ra3 $5 $14 {Yakovich,Y-Kremenietsky,A/Russia 1996/Inf 68/[Yakovich,Y] (21)})
12. Qb1 $5 {[%cal Gf1c1,Gc1c7] Eine auf ersten Blick sonderbare Fortsetzung.
Weiss bringt alle Figuren zum Damenflügel und vorbereitet Rc1, b4, a4 vor.
Seine Schwerfiguren stehen dann ausgezeichnet.} (12. Rc1 Qb7 (12... Qb8 13. b4
Nb6 14. Nb3 (14. a4 Nxa4 15. Nxa4 bxa4 16. Qxa4 Bd7 17. Qb3 h6 18. Qb1 Bb5 19.
Bxb5 Qxb5 20. Nc4 Rab8 21. Na5 Bd8 22. Nc6 {1-0 Levin,F-Zaid,L/Kiev 1986/EXT
97 (42)}) 14... Bd7 15. Na5 Rc8 16. Qd2 Ra7 17. Rc2 Rac7 18. Rfc1 h6 19. g3 Nh7
20. h4 {1-0 Stohl,I-Grosse Kloenne,E/Pardubice 1994/EXT 97 (29)}) 13. f3 (13.
a4 b4 14. Ncb1 Bd8 15. Nc4 Qb8 16. Nbd2 a5 17. Bd3 Nb6 18. Nxb6 Bxb6 19. Bxb6
Qxb6 20. Rc6 Qb8 21. Nc4 Rd8 22. Nb6 Ra7 {1/2-1/2 Van der Sterren,P-Hickl,J/
San Bernardino 1992/TD (29)}) 13... Bd8 14. b4 Bb6 15. Bf2 Ne8 16. g4 g6 17.
Bd3 Bxf2+ 18. Rxf2 Nb6 19. Qe2 Bd7 20. Nb3 Rc8 21. Na5 Qb8 22. Qe3 Ng7 23. Rfc2
Rc7 24. Nd1 Rfc8 25. Qf2 Rxc2 26. Rxc2 Rxc2 27. Qxc2 Qc8 28. Qxc8+ Bxc8 29. Nc3
{1-0 Esposito,L-Aranovitch,E/Celle Ligure 1995/EXT 99 (65)}) 12... Qb8 13. b4 {
[%cal Gd2b3,Gb3a5,Ga5c6] Weiss befestigt die Stellung am Damenflügel und
bereitet entweder das Springermanöver Nd2-b3-a5 oder den Bauernvorstoss a2-a4
vor.} Nb6 14. Nb3 $14 {Weiß hat eine aktive Stellung und den gegebenen Plan.
Dem Schwarzen mangelt es hingegen am Gegenspiel.} Bd7 (14... Ng4 15. Bxg4 Bxg4
16. Na5 $14) (14... Nc4 $6 15. Bxc4 bxc4 16. Na5 $16) 15. Na5 {[%csl Yc6]} Rc8
16. Rc1 Ra7 {[%cal Ga7c7,Gc8c1]} 17. a4 {Eine aggressive Fortsetzung, die in
unserer Partie erfolgreich ist, aber ich bin nicht überzeugt, dass die Idee
ganz korrekt ist.} Rac7 (17... bxa4 $5 18. Nc6 (18. Bd1 Rac7 19. Nxa4 Rxc1 20.
Bxc1 Nc4 $15) 18... Bxc6 19. dxc6 Rxc6 20. b5 (20. Nxa4 Rxc1+ 21. Qxc1 Rc7 $17)
20... axb5 21. Bxb5 Rc8 22. Bxa4 $13) {[#]} 18. axb5 $5 {Weiss opfert eine
Figur.} Rxc3 (18... axb5 19. Bd2 $14 (19. Nc6 Bxc6 20. dxc6 Rxc6 21. Nxb5 Rxc1+
22. Bxc1 d5 $11) (19. Nxb5 Rxc1+ 20. Bxc1 Nbxd5 $13)) 19. Nc6 {[%cal Rc6b8,
Rc6e7]} Rxc1+ 20. Qxc1 Bxc6 21. bxc6 $44 {Weiss hat nur einen Bauern für die
Figur, aber die Bauernkette e4-d5-c6 ist sehr gefährlich und der a6-Bauer
nicht verteidigungsfähig.} Qc7 $2 (21... Bd8 $5 {Auf diese Weise bringt
Schwarz den Läufer ins Spiel und kann in einigen Varianten eine
Blockadestellung errichten.} 22. Bxa6 Rc7 (22... Nxe4 23. Bxc8 Nxc8 24. Qc4 $14
) 23. Bb7 Nfd7 24. Qf1 Rxb7 25. cxb7 Qxb7 26. Qb5 $14) (21... Nxe4 $2 22. Bxa6
Rc7 23. Bb7 Rxb7 $8 24. cxb7 Qxb7 25. Qc6 Qxc6 26. dxc6 Nd5 27. Ra8+ Bf8 28. b5
{[%csl Gb5,Gc6] Die verbundenen Freibauern entscheiden die Partie.} Nc5 29.
Bxc5 dxc5 30. Rd8 Nb6 31. c7 $18) 22. Rxa6 Nbxd5 {Schwarz hat nichts besseres.
Er muss die Figur zurückgeben.} (22... Rb8 23. Bxb6 Rxb6 24. Rxb6 Qxb6 25. c7
$18) 23. exd5 Nxd5 24. Bg4 Rf8 (24... Nxe3 25. Bxc8 Qxc8 26. c7 $18 {Und die
tödliche weisse Drohung ist 27.Ra8 und 29.c8Q.}) 25. Ra7 Qb8 26. c7 $18 Nxc7
27. Rxc7 Qxb4 28. Bf3 {Schwarz hat zwei Bauern für die Figur, aber mit aktivem
Figurenspiel und dem Läuferpaar steht Weiss auf Gewinn.} Bd8 29. Rb7 Qa4 30.
Bd5 $18 {[%csl Gb7,Gd5][%cal Gd5g8,Gb7f7]} 1-0

[Event "Wch U20"]
[Site "Yerevan"]
[Date "1999.09.28"]
[Round "11"]
[White "Iljushin, Alexei"]
[Black "Aronian, Levon"]
[Result "0-1"]
[WhiteElo "2527"]
[BlackElo "2518"]
[PlyCount "114"]
[EventDate "1999.09.18"]
[EventType "swiss"]
[EventRounds "13"]
[EventCountry "ARM"]
[SourceTitle "CBM 072 Extra"]
[Source "ChessBase"]
[SourceDate "1999.11.18"]
[SourceVersion "1"]
[SourceVersionDate "1999.11.18"]
[SourceQuality "1"]

1. d4 Nf6 2. c4 e6 3. Nc3 Bb4 4. e3 O-O 5. Nge2 d5 6. a3 Be7 7. cxd5 exd5 8. g3
Re8 9. Bg2 Bf8 10. O-O c6 11. f3 c5 12. g4 h6 13. Nf4 cxd4 14. exd4 Nc6 15. b4
b5 16. Rb1 Rb8 17. Nce2 a5 18. Nd3 axb4 19. axb4 Nd7 20. Nc5 Nxc5 21. bxc5 b4
22. Rf2 Ba6 23. Bf1 g6 24. Ng3 Bc4 25. Kg2 Bg7 26. Bb2 Na5 27. Bc1 Qf6 28. Qa4
Nc6 29. Bxc4 dxc4 30. d5 Ne5 31. Rxb4 Ra8 32. Qc2 Nd3 33. Qxc4 Nxf2 34. Kxf2
Ra1 35. c6 Qc3 36. Qxc3 Bxc3 37. Rc4 Rxc1 38. Kg2 Bb2 39. Rxc1 Bxc1 40. d6 Bf4
41. d7 Rd8 42. Ne2 Bb8 43. Nc3 f6 44. Nd5 Kf7 45. h4 Ke6 46. c7 Bxc7 47. Nxc7+
Kd6 48. Nb5+ Ke5 49. Nc3 Rxd7 50. Kg3 Rd4 51. Ne2 Rc4 52. Kf2 Rc2 53. Ke3 Rxe2+
54. Kxe2 Kf4 55. Kf2 h5 56. gxh5 gxh5 57. Kg2 Ke3 0-1

[Event "ARM-ch"]
[Site "Yerevan"]
[Date "1999.10.18"]
[Round "3"]
[White "Minasian, Ara"]
[Black "Aronian, Levon"]
[Result "1/2-1/2"]
[WhiteElo "2483"]
[BlackElo "2518"]
[PlyCount "128"]
[EventDate "1999.10.16"]
[EventType "tourn"]
[EventRounds "11"]
[EventCountry "ARM"]
[EventCategory "10"]
[SourceTitle "CBM 074"]
[Source "ChessBase"]
[SourceDate "2000.02.01"]
[SourceVersion "1"]
[SourceVersionDate "2000.02.01"]
[SourceQuality "1"]

1. c4 Nf6 2. Nc3 e5 3. g3 c6 4. Nf3 d6 5. Bg2 Be7 6. O-O O-O 7. d3 Nbd7 8. e4
Re8 9. h3 Bf8 10. Rb1 a6 11. b4 b6 12. Ne1 b5 13. a4 bxc4 14. dxc4 Nb6 15. b5
Nxc4 16. bxc6 Na5 17. Be3 Nxc6 18. Bb6 Qd7 19. Nc2 a5 20. Qd2 Ba6 21. Rfd1 Rec8
22. Ne3 Rab8 23. Ncd5 Nxd5 24. Nxd5 Nb4 25. Nxb4 axb4 26. a5 Rc3 27. Rxb4 Rd3
28. Qxd3 Bxd3 29. Rxd3 Qc8 30. Rd5 h5 31. Bf1 h4 32. Rc4 Qe8 33. g4 Be7 34. Rd1
Ra8 35. Ra1 Bd8 36. Bxd8 Qxd8 37. a6 Qb8 38. Rc6 Ra7 39. Rd1 Rd7 40. Rdc1 Kh7
41. Ra1 Ra7 42. Rcc1 Qa8 43. Ra3 Kh6 44. Ra4 Kg5 45. Rca1 Qb8 46. Bc4 Kf4 47.
Bd5 f6 48. Kg2 Qb6 49. R4a3 Qb2 50. R1a2 Qd4 51. Rf3+ Kg5 52. Rb3 Rc7 53. Rbb2
Qd1 54. Rd2 Qe1 55. Rac2 Ra7 56. Re2 Qd1 57. Bb7 Kf4 58. Rcd2 Qb3 59. Re3 Qb6
60. Rf3+ Kg5 61. Rfd3 Rxa6 62. Bxa6 Qxa6 63. Rxd6 Qc4 64. f3 Kf4 1/2-1/2

[Event "ARM-ch"]
[Site "Yerevan"]
[Date "1999.10.20"]
[Round "5"]
[White "Asrian, Karen"]
[Black "Aronian, Levon"]
[Result "1/2-1/2"]
[WhiteElo "2575"]
[BlackElo "2518"]
[PlyCount "133"]
[EventDate "1999.10.16"]
[EventType "tourn"]
[EventRounds "11"]
[EventCountry "ARM"]
[EventCategory "10"]
[SourceTitle "CBM 074"]
[Source "ChessBase"]
[SourceDate "2000.02.01"]
[SourceVersion "1"]
[SourceVersionDate "2000.02.01"]
[SourceQuality "1"]

1. e4 e5 2. Nf3 Nc6 3. Bb5 a6 4. Ba4 Nf6 5. O-O Be7 6. Re1 d6 7. c3 Bg4 8. d3
O-O 9. Nbd2 Re8 10. Nf1 Bf8 11. Ng3 g6 12. h3 Bd7 13. Nh2 h5 14. f4 exf4 15.
Bxf4 h4 16. Ngf1 d5 17. Bg5 dxe4 18. d4 Be7 19. Bxh4 Nh5 20. Bxe7 Qxe7 21. Ng4
b5 22. Bb3 Kh7 23. Qd2 Qf8 24. a4 f5 25. axb5 axb5 26. Rxa8 Rxa8 27. Ne5 Nxe5
28. dxe5 Bc6 29. e6 Re8 30. g4 Ng7 31. gxf5 gxf5 32. Qf4 Rxe6 33. Bxe6 Nxe6 34.
Qh4+ Qh6 35. Qe7+ Qg7+ 36. Qxg7+ Kxg7 37. Ng3 Kf6 38. h4 Ke5 39. h5 f4 40. h6
Ng5 41. Nf1 Kf5 42. Kf2 Kg6 43. Ra1 Bd5 44. Ra6+ Ne6 45. Ke2 Bc4+ 46. Ke1 e3
47. Nh2 Kxh6 48. Nf3 Kg7 49. Ne5 Kf6 50. Nxc4 bxc4 51. Ke2 Ke5 52. Ra4 Kd5 53.
Kf3 Nc5 54. Ra8 Nd3 55. Rd8+ Kc5 56. Re8 Kb5 57. Re4 Kb6 58. Ke2 Kc5 59. Kf3
Kb5 60. Ke2 c5 61. b3 f3+ 62. Kxe3 f2 63. bxc4+ Ka4 64. Ke2 Kb3 65. Re3 Kxc4
66. Rg3 f1=Q+ 67. Kxf1 1/2-1/2

[Event "ARM-ch"]
[Site "Yerevan"]
[Date "1999.10.21"]
[Round "6"]
[White "Aronian, Levon"]
[Black "Matikozian, Andranik"]
[Result "1-0"]
[WhiteElo "2518"]
[BlackElo "2427"]
[PlyCount "67"]
[EventDate "1999.10.16"]
[EventType "tourn"]
[EventRounds "11"]
[EventCountry "ARM"]
[EventCategory "10"]
[SourceTitle "CBM 074"]
[Source "ChessBase"]
[SourceDate "2000.02.01"]
[SourceVersion "1"]
[SourceVersionDate "2000.02.01"]
[SourceQuality "1"]

1. Nf3 Nf6 2. g3 g6 3. Bg2 Bg7 4. O-O O-O 5. c4 d6 6. d4 c6 7. Nc3 Qa5 8. e4 e5
9. h3 exd4 10. Nxd4 Qc5 11. Nb3 Qb4 12. Bf4 Ne8 13. Re1 Be6 14. e5 dxe5 15.
Bxe5 Nd7 16. Bf4 Nc5 17. Be3 Nxb3 18. axb3 Nc7 19. Bg5 h6 20. Ra4 Qc5 21. Ne4
Qd4 22. Qxd4 Bxd4 23. Bxh6 Rfe8 24. Nd6 Reb8 25. Be3 Bxe3 26. Rxe3 Ne8 27. Ne4
Rd8 28. Ra1 Kf8 29. Rae1 Nd6 30. Nc5 Bc8 31. Rd1 Bf5 32. g4 Bc2 33. Rc1 b6 34.
Na6 1-0

[Event "ARM-ch"]
[Site "Yerevan"]
[Date "1999.10.22"]
[Round "7"]
[White "Akobian, Varuzhan"]
[Black "Aronian, Levon"]
[Result "1-0"]
[WhiteElo "2387"]
[BlackElo "2518"]
[PlyCount "81"]
[EventDate "1999.10.16"]
[EventType "tourn"]
[EventRounds "11"]
[EventCountry "ARM"]
[EventCategory "10"]
[SourceTitle "CBM 074"]
[Source "ChessBase"]
[SourceDate "2000.02.01"]
[SourceVersion "1"]
[SourceVersionDate "2000.02.01"]
[SourceQuality "1"]

1. d4 Nf6 2. c4 e6 3. Nc3 Bb4 4. e3 O-O 5. Nge2 d5 6. a3 Be7 7. cxd5 exd5 8. b4
c6 9. Ng3 Re8 10. Bd3 Nbd7 11. O-O a5 12. b5 c5 13. Qf3 Nb6 14. Nf5 Bf8 15.
dxc5 Bxc5 16. Bb2 g6 17. Nd4 Bg4 18. Qg3 Bd6 19. f4 Rc8 20. h3 Bd7 21. Qf3 Qe7
22. Rfe1 Rc7 23. Qd1 Qf8 24. Na4 Nc4 25. Bxc4 dxc4 26. Nf3 Ne4 27. Qd4 f6 28.
Nc3 Bf5 29. Qd5+ Kh8 30. b6 Rc6 31. Qxa5 Ra8 32. Qd5 Nxc3 33. Bxc3 Bd3 34. Bd4
h6 35. a4 Kh7 36. a5 Ra6 37. Rec1 Qe7 38. Nd2 c3 39. Rxc3 Rxc3 40. Bxc3 Qxe3+
41. Kh1 1-0

[Event "ARM-ch"]
[Site "Yerevan"]
[Date "1999.10.24"]
[Round "9"]
[White "Aronian, Levon"]
[Black "Minasian, Artashes"]
[Result "1-0"]
[WhiteElo "2518"]
[BlackElo "2600"]
[PlyCount "71"]
[EventDate "1999.10.16"]
[EventType "tourn"]
[EventRounds "11"]
[EventCountry "ARM"]
[EventCategory "10"]
[SourceTitle "CBM 074"]
[Source "ChessBase"]
[SourceDate "2000.02.01"]
[SourceVersion "1"]
[SourceVersionDate "2000.02.01"]
[SourceQuality "1"]

1. Nf3 Nf6 2. g3 c5 3. b3 Nc6 4. Bb2 d5 5. Bg2 e6 6. O-O g6 7. d4 cxd4 8. Nxd4
Bg7 9. c4 Nxd4 10. Qxd4 Nh5 11. Qd2 dxc4 12. Bxg7 Nxg7 13. Qc3 O-O 14. Qxc4 Rb8
15. Qf4 Bd7 16. Rd1 Nh5 17. Qe3 b6 18. Nc3 Nf6 19. Nb5 Ng4 20. Qf3 Qe7 21. Nxa7
Qa3 22. Qxg4 Qxa7 23. a4 Rbc8 24. Rd6 Rc7 25. Qd4 Rb8 26. h4 h5 27. Be4 Be8 28.
Rd1 Qa5 29. Kg2 b5 30. Qe5 Qa7 31. a5 Qxa5 32. Rd8 Qa7 33. R1d7 Rxd7 34. Rxb8
Re7 35. Bc6 f6 36. Qxb5 1-0

[Event "EU-chT (Men) 12th"]
[Site "Batumi"]
[Date "1999.12.01"]
[Round "3.4"]
[White "Aronian, Levon"]
[Black "Nevednichy, Vladislav"]
[Result "1-0"]
[WhiteElo "2518"]
[BlackElo "2537"]
[Annotator "Stohl,I"]
[PlyCount "89"]
[EventDate "1999.11.06"]
[EventType "team-swiss"]
[EventRounds "9"]
[EventCountry "GEO"]
[SourceTitle "CBM 074"]
[Source "ChessBase"]
[SourceDate "2000.02.01"]
[SourceVersion "1"]
[SourceVersionDate "2000.02.01"]
[SourceQuality "1"]
[WhiteTeam "Armenia"]
[BlackTeam "Romania"]
[WhiteTeamCountry "ARM"]
[BlackTeamCountry "ROU"]

1. Nf3 Nf6 2. g3 g6 3. Bg2 Bg7 4. O-O O-O 5. d4 d6 6. c4 Nc6 7. Nc3 Rb8 $5 {
Balogh,T (2425)-Istratescu,A (2540) Krynica zt 1998 (1) 0-1 An interesting
idea from Romanian chess circles. Black wants to save time for a6, in some
situations he can get in the desired b5 advance without playing this move at
all, (especially after e6 and exd5) thus saving a valuable tempo. See also} 8.
d5 (8. b3 a6 {-E63}) (8. h3 Bd7 9. e4 e5 10. d5 Ne7 11. Ne1 Nh5 12. Nd3 Qe8 13.
Rb1 f5 14. exf5 gxf5 15. Bg5 Nf6 16. f4 e4 17. Ne1 b5 $1 18. Nc2 bxc4 19. Ne3
Rb4 20. a3 Rb7 21. Rf2 Qf7 22. Bf1 Rfb8 23. Qd2 h6 24. Bh4 Ng6 $17 {Istrate,
B-Florescu,C/Calimanesti/1997/}) 8... Na5 9. Nd2 c5 10. Rb1 e6 (10... a6 {
leads to normal E66 positions.}) 11. b3 (11. a3 $5 b5 (11... exd5 12. cxd5 $14)
12. dxe6 bxc4 13. exf7+ Rxf7 14. b4 cxb3 15. Nxb3 Nxb3 16. Rxb3 Be6 17. Rxb8
Qxb8 18. Nd5 Nxd5 19. Bxd5 Qe8 20. Be3 {Bunzmann,D-De Gleria,F/Halle-J/1996/}
Rf5 $5 $11) 11... exd5 {But now it was perhaps already more sensible not to
insist and return to the well-trodden path with} (11... a6 12. Bb2 b5 13. Ba1
b4 14. Na4 Bd7 15. Nb2 Ne8 16. Nd3 Bxa1 17. Rxa1 exd5 18. cxd5 Bb5 (18... Nc7
$142 {[%cal Rc7b5] /\Nb5<=>}) 19. Qc2 Qf6 20. Rac1 Ng7 21. Rfe1 Nf5 22. e3 Rfe8
23. Ne4 Qd8 24. Nf4 Re5 25. Nd3 Re8 26. Red1 $36 {[%csl Ra5,Gd3,Gd5,Ge3,Ge4] 
[+],פa5,Brunner,L-Nikolaidis,I/Moscow olm/1994/}) 12. Nxd5 $5 Nxd5 (12... Nc6
13. Nxf6+ Bxf6 14. Ne4 $16) 13. Bxd5 (13. cxd5 $5 b5 14. Bb2 Bxb2 15. Rxb2 Qf6
$132) 13... Kh8 $6 (13... Nc6 $142 $1 14. Bb2 (14. Ne4 Nb4 15. Nxd6 (15. Bb2
Bf5 16. Bxg7 Kxg7 17. a3 Nxd5 18. Qxd5 Qe7 $15) 15... Bh3 $1 (15... Qxd6 $4 16.
Bxf7+ $18) 16. Bg2 Bxg2 17. Kxg2 Nxa2 18. Bb2 $11) (14. Bxc6 bxc6 15. Bb2 Bh3
$36 {[%csl Rg1,Rg2] Compared to the game the Bc8 is not locked in and Black
has attacking chances.}) 14... Nb4 $132) 14. Ne4 f5 15. Ng5 Qe7 16. Qd2 $1 (16.
Bf4 h6 17. Nf3 g5 18. Qd2 b6 (18... gxf4 19. Qxa5 fxg3 20. fxg3 $36) 19. Be3
Bb7 $13) 16... Nc6 (16... b6 17. Bb2 $16) 17. Bxc6 bxc6 18. f4 $1 h6 19. Nf3
Be6 20. Bb2 $14 {[%csl Ra7,Rc6,Rd6] The Be6 doesn't have a free diagonal at
it's disposal and Black's pawns are a mess. But on the other hand White
himself must be careful about opening the game prematurely and activating
Black's B.} Rfe8 21. Bxg7+ Kxg7 22. Rbd1 Rbd8 23. Qc3+ Qf6 24. Qa5 (24. Qxf6+
$6 Kxf6 $11 {In the _|_ White's edge dissipates.}) 24... Qe7 25. h4 Bf7 26.
Rfe1 Qe3+ 27. Kg2 Rd7 28. Rd3 Qe4 29. Qc3+ Kg8 30. Kf2 Qe7 31. Qd2 Red8 32. Rd1
Be6 33. Qa5 {White has no direct way to strengthen his position, so he
continues maneuvring.} Rc8 34. Qe1 Rcd8 35. Qd2 Kh7 $6 (35... Qf6 36. Qc2 $5
$14 {[%cal Yf3d2,Yd2b1,Yb1c3,Ye2e4] /\Nd2-b1-c3,e4 White can continue to
gradually prepare an opening of the position, but the game is far from decided.
} (36. Re3 Bf7)) 36. Re3 Qf6 $2 {[%mdl 8192] Overlooks a decisive tactical
shot.} (36... Qf7 37. Rh1 $1 Kg8 38. Qc3 Re7 $14) 37. Ng5+ $1 $18 hxg5 38. hxg5
Qf7 (38... Qe7 39. Qc3 $18 {is the same.}) 39. Rh1+ Kg8 40. Qc3 Qg7 (40... Kf8
41. Rxe6 $1 (41. Rh8+ Ke7 42. Rxe6+ {is the same, as} Kxe6 $2 43. Qe3#) 41...
Qxe6 42. Rh8+ Kf7 43. Rh7+ Kf8 44. Qh8+ Qg8 45. Qf6+ Ke8 46. Rh8 Qxh8 47. Qxh8+
Kf7 48. Qf6+ {[%cal Rf6g6] /\Qg6+-}) 41. Qxg7+ Rxg7 42. Rxe6 {Not only has
Black lost a pawn, but White's R has penetrated decisively and further losses
are unavoidable.} Kf7 43. Rf6+ Ke7 (43... Kg8 44. Rh6 $18) 44. e4 $1 fxe4 45.
Re1 (45. Re1 Kd7 (45... d5 46. Rxc6 dxc4 47. Rxe4+ Kd7 48. Ra6 $18) 46. Rxe4 {
/\Ree6} Re8 47. Rxd6+ $18) 1-0

[Event "EU-chT (Men) 12th"]
[Site "Batumi"]
[Date "1999.12.07"]
[Round "9.4"]
[White "Gabriel, Christian"]
[Black "Aronian, Levon"]
[Result "1/2-1/2"]
[WhiteElo "2578"]
[BlackElo "2518"]
[PlyCount "39"]
[EventDate "1999.11.06"]
[EventType "team-swiss"]
[EventRounds "9"]
[EventCountry "GEO"]
[SourceTitle "CBM 074"]
[Source "ChessBase"]
[SourceDate "2000.02.01"]
[SourceVersion "1"]
[SourceVersionDate "2000.02.01"]
[SourceQuality "1"]
[WhiteTeam "Germany"]
[BlackTeam "Armenia"]
[WhiteTeamCountry "GER"]
[BlackTeamCountry "ARM"]

1. Nf3 Nf6 2. c4 e6 3. g3 a6 4. Bg2 b5 5. b3 Bb7 6. Nc3 c6 7. O-O Be7 8. d4 O-O
9. c5 d6 10. cxd6 Bxd6 11. Ne5 Qb6 12. Be3 Rd8 13. Nd3 Nbd7 14. Qc2 Nd5 15. Ne4
Be7 16. Rac1 e5 17. Qb2 f5 18. Nec5 Nxe3 19. fxe3 Bg5 20. Nxb7 1/2-1/2

[Event "Linares Anibal op 07th"]
[Site "Linares"]
[Date "2000.01.07"]
[Round "1"]
[White "Aronian, Levon"]
[Black "Jorge Bort, Emilio"]
[Result "1-0"]
[WhiteElo "2518"]
[BlackElo "2233"]
[PlyCount "65"]
[EventDate "2000.01.07"]
[EventType "swiss"]
[EventRounds "10"]
[EventCountry "ESP"]
[SourceTitle "CBM 075"]
[Source "ChessBase"]
[SourceDate "2000.04.05"]
[SourceVersion "1"]
[SourceVersionDate "2000.04.05"]
[SourceQuality "1"]

1. Nf3 f5 2. g3 Nf6 3. Bg2 g6 4. O-O Bg7 5. d3 O-O 6. e4 fxe4 7. dxe4 d6 8. e5
Ng4 9. e6 Nc6 10. Ng5 Nxf2 11. Rxf2 Bd4 12. Bf4 Bxf2+ 13. Kxf2 Rf6 14. Nc3 h6
15. Nge4 Rxf4+ 16. gxf4 Bxe6 17. Qd2 Qf8 18. Re1 Bf7 19. Kg1 Qg7 20. Nd5 Bxd5
21. Qxd5+ Kh7 22. Qb3 Rf8 23. Qxb7 Nd4 24. c3 Ne6 25. Ng5+ Nxg5 26. fxg5 e5 27.
Qxa7 hxg5 28. a4 Rf4 29. a5 Qf6 30. a6 Kh6 31. Qb8 Rf2 32. a7 Rd2 33. Rf1 1-0

[Event "Linares Anibal op 07th"]
[Site "Linares"]
[Date "2000.01.08"]
[Round "2"]
[White "Kristensen, Leif"]
[Black "Aronian, Levon"]
[Result "1/2-1/2"]
[WhiteElo "2375"]
[BlackElo "2518"]
[PlyCount "147"]
[EventDate "2000.01.07"]
[EventType "swiss"]
[EventRounds "10"]
[EventCountry "ESP"]
[SourceTitle "CBM 075"]
[Source "ChessBase"]
[SourceDate "2000.04.05"]
[SourceVersion "1"]
[SourceVersionDate "2000.04.05"]
[SourceQuality "1"]

1. e4 c5 2. c3 d5 3. exd5 Qxd5 4. d4 Nf6 5. Nf3 e6 6. Be3 cxd4 7. cxd4 Nc6 8.
Nc3 Qd6 9. Bd3 Be7 10. O-O O-O 11. Qe2 b6 12. Rad1 Nb4 13. Nb5 Qd8 14. Bb1 Bb7
15. Bg5 Nh5 16. Bc1 g6 17. Rfe1 Nd5 18. Nc3 Rc8 19. Nxd5 Qxd5 20. Qd2 Nf6 21.
Qh6 Rfd8 22. h3 Qh5 23. Qxh5 Nxh5 24. Be4 Bxe4 25. Rxe4 Rc2 26. Ne1 Rc4 27. b3
Rc7 28. Re2 Nf6 29. Bg5 Kg7 30. Kf1 Rdc8 31. Bf4 Rd7 32. Be5 Bd6 33. Bxd6 Rxd6
34. Rc2 Rxc2 35. Nxc2 Nd5 36. Ne3 Nc3 37. Rd2 b5 38. Rc2 b4 39. a3 Ra6 40. a4
Rd6 41. Rd2 Rc6 42. Rc2 f5 43. Nd1 Rd6 44. Nxc3 bxc3 45. Rxc3 Rxd4 46. Rc7+ Kf6
47. Rxa7 Rb4 48. Rxh7 Rxb3 49. g3 e5 50. a5 Rb1+ 51. Kg2 Ra1 52. Ra7 e4 53. Ra8
g5 54. a6 Kg7 55. a7 Ra2 56. Kf1 Ra1+ 57. Ke2 Ra3 58. h4 gxh4 59. gxh4 Ra4 60.
Ke3 Ra2 61. Kd4 Ra5 62. h5 Ra4+ 63. Ke5 Ra2 64. h6+ Kh7 65. Kf6 f4 66. Re8 Rxa7
67. Rxe4 Kxh6 68. Rxf4 Ra6+ 69. Kf5 Kg7 70. Kg4 Rg6+ 71. Kf3 Re6 72. Ra4 Kf6
73. Kg4 Rb6 74. f4 1/2-1/2

[Event "Linares Anibal op 07th"]
[Site "Linares"]
[Date "2000.01.12"]
[Round "6"]
[White "Paragua, Mark"]
[Black "Aronian, Levon"]
[Result "1-0"]
[WhiteElo "2268"]
[BlackElo "2518"]
[PlyCount "81"]
[EventDate "2000.01.07"]
[EventType "swiss"]
[EventRounds "10"]
[EventCountry "ESP"]
[SourceTitle "CBM 075"]
[Source "ChessBase"]
[SourceDate "2000.04.05"]
[SourceVersion "1"]
[SourceVersionDate "2000.04.05"]
[SourceQuality "1"]

1. Nf3 Nf6 2. g3 g6 3. Bg2 Bg7 4. O-O O-O 5. d3 c5 6. e4 Nc6 7. Nbd2 h6 8. c3
e5 9. Nc4 d6 10. a4 Be6 11. Nfd2 Re8 12. Ne3 d5 13. exd5 Nxd5 14. Ne4 b6 15.
Nc4 Re7 16. Re1 Rd7 17. Qe2 Nde7 18. Bxh6 Bxc4 19. dxc4 Bxh6 20. Nf6+ Kf8 21.
Nxd7+ Qxd7 22. b4 cxb4 23. cxb4 Rc8 24. b5 Na5 25. Qxe5 Nxc4 26. Qh8+ Ng8 27.
Rad1 Qf5 28. Qd4 Bg5 29. Bc6 Qc5 30. Qg4 Rb8 31. Rd5 Qb4 32. Red1 Bf6 33. Rc1
Bc3 34. Qf4 Rc8 35. Rd3 g5 36. Qf5 Ne7 37. Qh7 Bg7 38. Qe4 Qxa4 39. Rxc4 Qa1+
40. Kg2 a5 41. bxa6 1-0

[Event "Linares Anibal op 07th"]
[Site "Linares"]
[Date "2000.01.13"]
[Round "7"]
[White "Aronian, Levon"]
[Black "Calzetta Ruiz, Monica"]
[Result "1-0"]
[WhiteElo "2518"]
[BlackElo "2194"]
[PlyCount "67"]
[EventDate "2000.01.07"]
[EventType "swiss"]
[EventRounds "10"]
[EventCountry "ESP"]
[SourceTitle "CBM 075"]
[Source "ChessBase"]
[SourceDate "2000.04.05"]
[SourceVersion "1"]
[SourceVersionDate "2000.04.05"]
[SourceQuality "1"]

1. Nf3 c5 2. c4 g6 3. e3 Bg7 4. d4 Nf6 5. Nc3 O-O 6. Be2 cxd4 7. exd4 d5 8. O-O
Nc6 9. h3 h6 10. Be3 Be6 11. c5 Ne4 12. Qc1 Kh7 13. a3 Nxc5 14. dxc5 d4 15. Bd2
dxc3 16. Bxc3 Bxc3 17. Qxc3 Qc7 18. b4 Rad8 19. Rad1 Bd5 20. b5 Nb8 21. Qe3 Be6
22. b6 axb6 23. cxb6 Qc8 24. Rc1 Nc6 25. Ne5 Rd6 26. Bf3 Qa8 27. Nxc6 bxc6 28.
Rb1 Qa6 29. Rfc1 Rd3 30. Qf4 Qxa3 31. b7 Rb3 32. Rxb3 Qxb3 33. Rxc6 Rd8 34. Qc7
1-0